Statistics for Fifa Soccer 14 Top 15 EPL Players

Click here to take the quiz!

General Stats

  • This quiz has been taken 1,508 times
  • The average score is 10 of 15

Answer Stats

Club/RatingAnswer% Correct
Liverpool/88Luis Suarez
94%
Chelsea/88Eden Hazard
92%
Man United/89Robin Van Persie
84%
Man City/88David Silva
83%
Man City/88Sergio Agüero
80%
Man City/86Yaya Touré
80%
Chelsea/87Juan Mata
78%
Man City/86Vincent Kompany
78%
Man United/87Nemajer Vidić
74%
Man United/87Wayne Rooney
66%
Arsenal/87Mesut Ozil
64%
Arsenal/85Santi Cazorla
43%
Man City/86Jesús Navas
41%
Chelsea/85Ashley Cole
32%
Man City/84Stevan Jovetić
22%

Score Distribution

Percentile by Number Answered

Percent of People with Each Score

Your Score History

You have not taken this quiz